[Event "Ros Miro mem corr"]
[Site "Spain"]
[Date "2004.04.15"]
[Round "?"]
[White "Babio Perez, Baltasar"]
[Black "Cortes Olivares, Ricardo"]
[Result "1/2-1/2"]
[WhiteElo "2451"]
[BlackElo "2420"]
[PlyCount "46"]
[EventDate "2004.04.15"]
[EventType "tourn (corr)"]
[EventRounds "14"]
[EventCountry "ESP"]
[EventCategory "7"]
[SourceTitle "Corr 2008"]
[Source "ChessBase"]
[SourceDate "2008.06.24"]
[SourceVersion "1"]
[SourceVersionDate "2008.06.24"]
[SourceQuality "1"]

1. d4 Nf6 2. Bg5 Ne4 3. Bf4 c5 4. f3 Qa5+ 5. c3 Nf6 6. Nd2 cxd4 7. Nb3 Qb6 8. Qxd4 Qxd4 9. cxd4 e6 10. e4 Nc6 11. Rc1 d6 12. Bd3 Be7 13. Ne2 0-0 14. 0-0 Bd7 15. Bb5 a6 16. Bxc6 Bxc6 17. Na5 Bb5 18. Rfe1 d5 19. Nc3 dxe4 20. fxe4 Rfe8 21. Rcd1 Rad8 22. Nxb5 axb5 23. Nb3 b4 1/2-1/2

[Event "Ros Miro mem corr"]
[Site "Spain"]
[Date "2004.04.15"]
[Round "?"]
[White "Moreira, Jose Americo Paiva"]
[Black "Babio Perez, Baltasar"]
[Result "1-0"]
[WhiteElo "2435"]
[BlackElo "2451"]
[PlyCount "29"]
[EventDate "2004.04.15"]
[EventType "tourn (corr)"]
[EventRounds "14"]
[EventCountry "ESP"]
[EventCategory "7"]
[SourceTitle "Corr 2008"]
[Source "ChessBase"]
[SourceDate "2008.06.24"]
[SourceVersion "1"]
[SourceVersionDate "2008.06.24"]
[SourceQuality "1"]

1. e4 e5 2. Nf3 Nf6 3. d4 Nxe4 4. Bd3 d5 5. Nxe5 Nd7 6. Nxd7 Bxd7 7. 0-0 Bd6 8. Qh5 Nf6 9. Re1+ Kf8 10. Qh4 h6 11. Bg5 Kg8 12. Bxf6 Qxf6 13. Qxf6 gxf6 14. Nd2 Bh3 15. gxh3 1-0

[Event "Ros Miro mem corr"]
[Site "Spain"]
[Date "2004.04.15"]
[Round "?"]
[White "Sykora, Josef"]
[Black "Babio Perez, Baltasar"]
[Result "1-0"]
[WhiteElo "2549"]
[BlackElo "2451"]
[PlyCount "49"]
[EventDate "2004.04.15"]
[EventType "tourn (corr)"]
[EventRounds "14"]
[EventCountry "ESP"]
[EventCategory "7"]
[SourceTitle "Corr 2008"]
[Source "ChessBase"]
[SourceDate "2008.06.24"]
[SourceVersion "1"]
[SourceVersionDate "2008.06.24"]
[SourceQuality "1"]

1. c4 c5 2. Nf3 Nf6 3. g3 e6 4. Bg2 d6 5. 0-0 Be7 6. Nc3 0-0 7. d4 cxd4 8. Nxd4 Nbd7 9. b3 a6 10. Bb2 Qc7 11. Rc1 Re8 12. e3 Nc5 13. f4 Bf8 14. f5 e5 15. Nc2 Bd7 16. Nb4 Bc6 17. Rc2 Bxg2 18. Rxg2 Qa5 19. a3 b5 20. cxb5 axb5 21. g4 h6 22. h4 Qd8 23. g5 hxg5 24. hxg5 Nfe4 25. Qh5 1-0

[Event "ARG-ch17 email"]
[Site "Argentina"]
[Date "2003.??.??"]
[Round "?"]
[White "Diani, Jose Angel"]
[Black "Babio Perez, Baltasar"]
[Result "1/2-1/2"]
[WhiteElo "2389"]
[BlackElo "2200"]
[PlyCount "59"]
[EventDate "2003.??.??"]
[EventType "tourn (corr)"]
[EventRounds "16"]
[EventCountry "ARG"]
[SourceTitle "Corr 2006"]
[Source "ChessBase"]
[SourceDate "2006.04.01"]
[SourceVersion "3"]
[SourceVersionDate "2006.04.01"]
[SourceQuality "1"]

1. e4 e6 2. d4 d5 3. Nc3 dxe4 4. Nxe4 Nd7 5. Nf3 Ngf6 6. Nxf6+ Nxf6 7. Bd3 c5 8. dxc5 Bxc5 9. 0-0 0-0 10. Bg5 b6 11. Qe2 Bb7 12. Rad1 Qc7 13. Bxf6 gxf6 14. Be4 Bxe4 15. Qxe4 Rfd8 16. Qg4+ Kh8 17. Qh4 Be7 18. c3 Rxd1 19. Rxd1 Rd8 20. Rxd8+ Qxd8 21. Qd4 Qxd4 22. Nxd4 Bd6 23. b4 a6 24. a4 Kg7 25. Kf1 f5 26. Nc6 Kf8 27. Ke2 Ke8 28. Nd4 Kd7 29. h3 f4 30. Kd3 1/2-1/2

[Event "ARG-ch17 email"]
[Site "Argentina"]
[Date "2003.??.??"]
[Round "?"]
[White "Ramirez, Raul"]
[Black "Babio Perez, Baltasar"]
[Result "1/2-1/2"]
[WhiteElo "2258"]
[BlackElo "2200"]
[PlyCount "60"]
[EventDate "2003.??.??"]
[EventType "tourn (corr)"]
[EventRounds "16"]
[EventCountry "ARG"]
[SourceTitle "Corr 2006"]
[Source "ChessBase"]
[SourceDate "2006.04.01"]
[SourceVersion "3"]
[SourceVersionDate "2006.04.01"]
[SourceQuality "1"]

1. Nc3 d5 2. e4 e6 3. Nf3 dxe4 4. Nxe4 Nd7 5. d4 Ngf6 6. Nxf6+ Nxf6 7. Bc4 a6 8. Bb3 b6 9. 0-0 Bb7 10. Ne5 Be7 11. Re1 0-0 12. Bg5 c5 13. dxc5 Bxc5 14. c3 h6 15. Be3 Bxe3 16. Rxe3 Qc7 17. Nxf7 Rxf7 18. Bxe6 Re8 19. Bxf7+ Qxf7 20. Rxe8+ Qxe8 21. Qd3 b5 22. Rd1 Bd5 23. b3 Qc6 24. f3 a5 25. Re1 a4 26. Re5 Kf7 27. bxa4 bxa4 28. a3 Qb6+ 29. Qd4 Qb3 30. h3 Kg8 1/2-1/2